Test de Mémoire à Court Terme - Pays Sud-Américains - Statistiques

Statistiques générales
  • Ce quiz a été pris 210 fois
  • Le résultat moyen est 7 sur 8
Statistiques - réponses
Réponse % Correct
Brésil
93%
Argentine
85%
Suriname
84%
Chili
81%
Uruguay
80%
Pérou
79%
Bolivie
78%
Paraguay
78%
Venezuela
77%
Colombie
75%
Équateur
74%
Guyana
71%
Aucun quiz correspondant
Distribution des résultats
% des personnes avec chaque résultat
Percentile par nombre de réponses
Votre historique - résultats
Vous n’avez pas pris ce quiz